[Event "7th C. Schlechter Memorial"]
[Site "Vienna, AUSTRIA"]
[Date "1996.11.03"]
[Round "9"]
[White "Popovic, P."]
[Black "Kindermann, S."]
[Result "1/2-1/2"]
[WhiteElo "2575"]
[BlackElo "2530"]
[PlyCount "44"]

1. e4 e6 2. d4 d5 3. Nd2 Nf6 4. e5 Nfd7 5. c3 c5 6. Bd3 Nc6 7. Ne2 cxd4 8. cxd4
f6 9. exf6 Nxf6 10. Nf3 Bd6 11. O-O O-O 12. Bf4 Bxf4 13. Nxf4 Ng4 14. Ne2 Qf6
15. h3 Nh6 16. Bb5 Bd7 17. Bxc6 Bxc6 18. Ne5 Bb5 19. a4 Bxe2 20. Qxe2 Rfe8 21.
Rfe1 Qe7 22. Ra3 Nf5 1/2-1/2

[Event "7th C. Schlechter Memorial"]
[Site "Vienna, AUSTRIA"]
[Date "1996.11.03"]
[Round "9"]
[White "Balinov, I."]
[Black "Palos, O."]
[Result "1-0"]
[WhiteElo "2385"]
[BlackElo "2335"]
[PlyCount "97"]

1. e4 c5 2. Nf3 e6 3. d4 cxd4 4. Nxd4 a6 5. Nc3 Qc7 6. Be2 Nf6 7. O-O Bb4
8. Bg5 Bxc3 9. Bxf6 gxf6 10. bxc3 Qxc3 11. Rb1 Nc6 12. Nxc6 dxc6 13. Rb3 Qe5 
14. f4 Qc5+ 15. Kh1 b5 16. Rd3 Qe7 17. f5 e5 18. Qd2 Ra7 19. Rd1 $1 Rd7 20.
Rxd7 Bxd7 21. c4 Bc8 22. Qh6 Rg8 23. Qxh7 Qf8 24. Qh4 Qe7 25. Qf2 bxc4 26. Qb6
Kf8 Qxd8 28. Rxd8+ Kg7 29. Rxg8+ Kxg8 30. Bxc4 a5 31. Kg1 c5 32. Kf2 Bb7 33.
Ke3 Kg7 34. Kd3 Bc6 35. Ke3 Ba4 36. Kd2 Bc6 37. Bd3 Bb7 38. Kc3 Kh6 39. h4 Kh5
40. g3 Kh6 41. Kb3 Bc6 42. Kc4 Ba4 43. Be2 Bc2 44. Bf3 a4 45. Kxc5 Bb3 46. a3
Kg7 47. Kb4 Kh6 48. Kc3 Ba2 49. Bd1 1-0

[Event "7th C. Schlechter Memorial"]
[Site "Vienna, AUSTRIA"]
[Date "1996.11.03"]
[Round "9"]
[White "Alvir, A."]
[Black "Groszpeter, A."]
[Result "0-1"]
[WhiteElo "2355"]
[BlackElo "2545"]
[PlyCount "62"]

1. e4 c5 2. Nf3 d6 3. d4 cxd4 4. Nxd4 Nf6 5. Nc3 Nc6 6. Bg5 e6 7. Qd2 a6 8.
O-O-O h6 9. Be3 Bd7 10. f3 b5 11. Kb1 Ne5 12. Bd3 Qc7 13. Rhe1 Rc8 14. g4 b4
15. Nce2 d5 16. Bf4 dxe4 17. fxe4 Nc4 18. Bxc4 Qxc4 19. Ng3 Be7 20. h4 e5 21.
Bxe5 Bxg4 22. Bxf6 Bxf6 23. Ngf5 O-O 24. e5 Bxf5 25. Nxf5 Rfd8 26. Qf2 Rxd1+
27. Rxd1 Rd8 28. Rg1 Bxe5 29. Nxh6+ Kf8 30. Nf5 g6 31. Qe3 Qd5 0-1

[Event "7th C. Schlechter Memorial"]
[Site "Vienna, AUSTRIA"]
[Date "1996.11.03"]
[Round "9"]
[White "Blatny, P."]
[Black "Stanec, N."]
[Result "1-0"]
[WhiteElo "2490"]
[BlackElo "2505"]
[PlyCount "127"]

1. Nf3 Nf6 2. c4 g6 3. b3 Bg7 4. Bb2 O-O 5. g3 d6 6. Bg2 e5 7. O-O Re8 8. d3
Nc6 9. Nc3 Nd4 10. e3 Nxf3+ 11. Qxf3 c6 12. e4 Nd7 13. Qe3 Nc5 14. Ne2 f5 15.
Qd2 a5 16. Rad1 Qc7 17. h4 Rf8 18. f3 Qe7 19. exf5 Bxf5 20. d4 exd4 21. Nxd4
Bd7 22. Bc3 Rfe8 23. Rfe1 Qf8 24. Rxe8 Bxe8 25. Ne2 Bxc3 26. Nxc3 Rd8 27. Ne4
Nxe4 28. fxe4 Ra8 29. Qxd6 Qxd6 30. Rxd6 Kf8 31. Kf2 a4 32. Ke3 axb3 33. axb3
Ke7 34. Rd3 Bd7 35. Bf3 h6 36. e5 g5 37. Rd6 Be6 38. h5 Rf8 39. Rd1 Rf5 40. Ke4
Rf8 41. Rd4 Ra8 42. Rd2 Rf8 43. Rd4 Ra8 44. Rd3 Rf8 45. Kd4 Rd8+ 46. Kc3 Ra8
47. Kb4 Ra1 48. Kc5 Rb1 49. Be4 Rb2 50. Rf3 Re2 51. Bg6 g4 52. Rd3 Rxe5+ 53.
Kb6 Bf5 54. Bxf5 Rxf5 55. Rd4 Rf3 56. b4 Rxg3 57. Kxb7 Kf6 58. Kxc6 Kg5 59.
Rd5+ Kh4 60. b5 Rb3 61. b6 g3 62. b7 Rb1 63. Rd8 g2 64. Rg8 1-0

[Event "7th C. Schlechter Memorial"]
[Site "Vienna, AUSTRIA"]
[Date "1996.11.03"]
[Round "9"]
[White "Penz, H."]
[Black "Schroll, G."]
[Result "1-0"]
[WhiteElo "2340"]
[BlackElo "2380"]
[PlyCount "26"]

1. e4 e5 2. Nf3 Nc6 3. Bc4 Be7 4. d4 d6 5. dxe5 dxe5 6. Qxd8+ Bxd8 7. Nc3 f6 8.
Be3 Be7 9. Nb5 Bd8 10. O-O-O Nh6 11. h3 Nf7 12. Rxd8+ Nfxd8 13. Nxc7+ Ke7 1-0

[Event "7th C. Schlechter Memorial"]
[Site "Vienna, AUSTRIA"]
[Date "1996.11.03"]
[Round "9"]
[White "Lau, R."]
[Black "Neumeier, K."]
[Result "1-0"]
[WhiteElo "2510"]
[BlackElo "2280"]
[PlyCount "116"]

1. e4 c5 2. Nf3 d6 3. d4 cxd4 4. Nxd4 Nf6 5. Nc3 g6 6. Be3 Bg7 7. f3 O-O 8. Qd2
Nc6 9. g4 Be6 10. O-O-O Nxd4 11. Bxd4 Qa5 12. a3 Rab8 13. h4 b5 14. Nd5 Qxd2+
15. Kxd2 Bxd5 16. exd5 b4 17. axb4 Rxb4 18. c3 Rb7 19. Ba6 Rc7 20. Rhe1 Rb8 21.
Kc1 h5 22. g5 Ne8 23. Kc2 Bxd4 24. Rxd4 Ng7 25. Bd3 a5 26. Ra1 Rc5 27. Be4 Nf5
28. Bxf5 gxf5 29. Rda4 Rb4 30. Rxa5 Rxh4 31. Rxc5 dxc5 32. Ra8+ Kg7 33. Re8 c4
34. Rxe7 Rh2+ 35. Kc1 Rh1+ 36. Kd2 Rh2+ 37. Ke3 Rxb2 38. Rc7 f4+ 39. Kxf4 Rd2
40. Ke5 h4 41. Rxc4 h3 42. Rh4 h2 43. f4 Kf8 44. c4 Rc2 45. Kd4 Rf2 46. Kc5 Ke7
47. Rh7 Rxf4 48. Rxh2 Rg4 49. Re2+ Kd7 50. Re5 Rf4 51. d6 Kd8 52. Kc6 f6 53.
gxf6 Rxf6 54. c5 Rf1 55. Rh5 Rf8 56. Kb6 Kc8 57. Rh7 Kb8 58. Rb7+ Ka8 1-0

[Event "7th C. Schlechter Memorial"]
[Site "Vienna, AUSTRIA"]
[Date "1996.11.03"]
[Round "9"]
[White "Sader, M."]
[Black "Rotshtein, A."]
[Result "0-1"]
[WhiteElo "2285"]
[BlackElo "2475"]
[PlyCount "64"]

1. Nf3 c5 2. c4 Nf6 3. g3 d5 4. Bg2 Nc6 5. cxd5 Nxd5 6. Nc3 Nc7 7. O-O e5 8. d3
Be7 9. Be3 Be6 10. Rc1 O-O 11. a3 Qd7 12. Re1 Rac8 13. Ne4 b6 14. Qa4 f6 15. b4
b5 16. Qc2 Nd4 17. Qb2 cxb4 18. axb4 Nb3 19. Rc3 Bxb4 20. Rxb3 Bxe1 21. Nxe1
Bxb3 22. Qxb3+ Qe6 23. Qa3 a6 24. Nc5 Qe7 25. Qa5 Kh8 26. Nc2 f5 27. Nb4 f4 28.
Nc6 Qe8 29. gxf4 exf4 30. Bd4 f3 31. Qa1 Qxc6 32. Bxg7+ Kg8 0-1

[Event "7th C. Schlechter Memorial"]
[Site "Vienna, AUSTRIA"]
[Date "1996.11.03"]
[Round "9"]
[White "Palkovi, J."]
[Black "Schumi, M."]
[Result "1-0"]
[WhiteElo "2460"]
[BlackElo "2245"]
[PlyCount "41"]

1. e4 c5 2. c3 Nf6 3. e5 Nd5 4. Nf3 e6 5. Bc4 Nb6 6. Bb3 c4 7. Bc2 d6 8. exd6
Bxd6 9. b3 Bd7 10. Qe2 cxb3 11. axb3 Nd5 12. d4 Qc7 13. O-O Nf4 14. Bxf4 Bxf4
15. c4 O-O 16. Nc3 Nc6 17. Rad1 Nb4 18. Bb1 Bc6 19. d5 exd5 20. cxd5 Bd7 21.
Qe4 1-0

[Event "7th C. Schlechter Memorial"]
[Site "Vienna, AUSTRIA"]
[Date "1996.11.03"]
[Round "9"]
[White "Stoeckl, E."]
[Black "Dueckstein, A."]
[Result "1/2-1/2"]
[WhiteElo "2090"]
[BlackElo "2305"]
[PlyCount "64"]

1. Nf3 d5 2. d4 Nf6 3. Bf4 c5 4. c3 e6 5. e3 Nc6 6. Nbd2 Bd6 7. Ne5 Qc7 8. Bb5
O-O 9. Bxc6 bxc6 10. O-O Rb8 11. b3 Ba6 12. Re1 Ne4 13. Nxe4 dxe4 14. Bg3 f6
15. Nc4 Bxc4 16. Bxd6 Qxd6 17. bxc4 f5 18. Qc2 cxd4 19. cxd4 c5 20. Red1 Rb4
21. a3 Rb6 {} 22. dxc5 Qxc5 23. Rd7 Qe5 24. Rb1 f4 25. exf4 Qxf4 26. Rxb6 axb6
27. Rd4 Qf6 28. Qd2 Ra8 29. Rxe4 Rxa3 30. h3 h6 31. Kh2 Ra5 32. Qe3 e5 1/2-1/2

[Event "7th C. Schlechter Memorial"]
[Site "Vienna, AUSTRIA"]
[Date "1996.11.03"]
[Round "9"]
[White "Weinzettl, E."]
[Black "Blatny, F."]
[Result "0-1"]
[WhiteElo "2365"]
[BlackElo "2325"]
[PlyCount "109"]

1. Nf3 Nf6 2. c4 e6 3. b3 b6 4. g3 Bb7 5. Bg2 c5 6. O-O d6 7. Bb2 Be7 8. e3
Nbd7 9. Qe2 O-O 10. Nc3 Qc7 11. d3 a6 12. e4 Rfe8 13. Ne1 Ne5 14. f4 Nc6 15.
Nc2 Nd4 16. Nxd4 cxd4 17. Nb1 e5 18. Nd2 b5 19. Rac1 Qa5 20. a3 b4 21. Ra1 bxa3
22. Bxa3 Qc7 23. b4 Nd7 24. Nb3 f6 25. Bh3 Nf8 26. Qa2 g6 27. fxe5 dxe5 28. c5
Kg7 29. Na5 Bc6 30. Rf3 h5 31. Raf1 Nh7 32. Bc1 Bb5 33. Be6 Rf8 34. h4 Rh8 35.
Qd2 Nf8 36. Bd5 Rb8 37. Qf2 Nh7 38. Nb3 Ba4 {} 39. Nxd4 exd4 40. Bf4 Qa7 41.
e5 f5 42. e6 Bf6 43. Bd6 Rhf8 44. Qe2 Rbe8 45. Re1 Re7 46. Qd2 Rfe8 47. Qf4 Bd7
48. Bxe7 Rxe7 49. c6 Bc8 50. Rf2 Nf8 51. Rfe2 Qb6 52. Qd6 a5 53. bxa5 Qxa5 54.
Qb8 Ba6 55. Bc4 {Zeituberschreitung} 0-1

[Event "7th C. Schlechter Memorial"]
[Site "Vienna, AUSTRIA"]
[Date "1996.11.03"]
[Round "9"]
[White "Danner, G."]
[Black "Kuthan, A."]
[Result "1-0"]
[WhiteElo "2375"]
[BlackElo "2225"]
[PlyCount "72"]

1. d4 Nf6 2. Nf3 g6 3. c4 Bg7 4. Nc3 d6 5. e4 O-O 6. Be2 e5 7. d5 a5 8. Be3 Na6
9. Nd2 h5 10. h3 Nh7 11. O-O Bf6 12. Nf3 Nc5 13. a3 Bd7 14. b4 axb4 15. axb4
Rxa1 16. Qxa1 Na6 17. Qa3 Be7 18. c5 f5 19. c6 f4 20. Bd2 Be8 21. cxb7 Nb8 22.
Qa8 g5 23. Rc1 g4 24. hxg4 hxg4 25. Nh2 f3 26. Bf1 g3 27. Nxf3 gxf2+ 28. Kxf2
Bh4+ 29. Kg1 Bh5 30. Be2 Bg3 31. Rf1 Bxf3 32. Rxf3 Qh4 33. Qa7 Rxf3 34. Bxf3
Qd8 35. Ne2 Bh4 36. Bg4 Ng5 1-0

[Event "7th C. Schlechter Memorial"]
[Site "Vienna, AUSTRIA"]
[Date "1996.11.03"]
[Round "9"]
[White "Denk, A."]
[Black "Grabher, H."]
[Result "1/2-1/2"]
[WhiteElo "2255"]
[BlackElo "2275"]
[PlyCount "89"]

1. d4 d5 2. g3 Nc6 3. Bg2 Bg4 4. c3 Nf6 5. Nd2 Qd7 6. h3 Bf5 7. Ngf3 h6 8. Ne5
Nxe5 9. dxe5 Ne4 10. Nxe4 Bxe4 11. O-O Bxg2 12. Kxg2 e6 13. Qd3 Be7 14. e4 Rd8
15. Be3 Qc6 16. exd5 Qxd5+ 17. Qxd5 Rxd5 18. f4 O-O 19. Rfd1 Rfd8 20. Rxd5 Rxd5
21. Kf3 h5 22. c4 Rd8 23. Ke2 Kf8 24. Rd1 Rxd1 25. Kxd1 a6 26. Kc2 Bb4 27. Kd3
Ke8 28. Bd2 Be7 29. a4 Bc5 30. b4 Bf2 31. g4 hxg4 32. hxg4 Bg3 33. Ke4 g6 34.
Kf3 Bh4 35. Ke4 Kd7 36. b5 Bf2 37. Bb4 c6 38. bxa6 bxa6 39. Bd2 Kc7 40. Ba5+
Bb6 41. Bxb6+ Kxb6 42. Kd4 c5+ 43. Kc3 Kc6 44. a5 Kd7 45. g5 1/2-1/2

[Event "7th C. Schlechter Memorial"]
[Site "Vienna, AUSTRIA"]
[Date "1996.11.03"]
[Round "9"]
[White "Prager, M."]
[Black "Bawart, M."]
[Result "0-1"]
[WhiteElo "2165"]
[BlackElo "2255"]
[PlyCount "76"]

1. e4 c5 2. Nf3 Nc6 3. d4 cxd4 4. Nxd4 e5 5. Nf3 Nf6 6. Bg5 Qb6 7. Bxf6 Qxb2 8.
Bxg7 Bxg7 9. Nbd2 O-O 10. Be2 d5 11. O-O dxe4 12. Nxe4 Bf5 13. Bd3 Bg6 14. Qe2
Nd4 15. Nxd4 Qxd4 16. Rfd1 Qa4 17. Nc5 Qc6 18. Ne4 Rfd8 19. Rab1 Rd4 20. Ng3 e4
21. Bb5 Rxd1+ 22. Rxd1 Qb6 23. Bc4 Re8 24. Kh1 Rd8 25. Rxd8+ Qxd8 26. h3 Be5
27. Nf1 Qd4 28. Ne3 Kg7 29. g4 Bd6 30. h4 Qf6 31. Ng2 Qe5 32. f4 exf3 33. Qxe5+
Bxe5 34. Ne3 Be4 35. Kg1 Bd4 36. Kf2 Kf6 37. c3 Bc5 38. g5+ Ke5 0-1

[Event "7th C. Schlechter Memorial"]
[Site "Vienna, AUSTRIA"]
[Date "1996.11.03"]
[Round "9"]
[White "Holzer, G."]
[Black "Sandhu, M."]
[Result "1-0"]
[WhiteElo "2230"]
[BlackElo "2130"]
[PlyCount "55"]

1. Nc3 g6 2. e4 Bg7 3. d4 c6 4. Bc4 d6 5. Qf3 e6 6. Nge2 d5 7. exd5 cxd5 8. Bb3
Nc6 9. Be3 Nge7 10. O-O-O Na5 11. g4 Bd7 12. Bg5 Nxb3+ 13. axb3 h6 14. Bf6 Bxf6
15. Qxf6 Rh7 16. Kb1 Nc6 17. Qf4 Qa5 18. Qf6 Rc8 19. Na2 Nb4 20. Nxb4 Qxb4 21.
Rhe1 Qe7 22. Qf3 h5 23. h3 h4 24. Nf4 Qf6 {} 25. Nxe6 Qxf3 26. Ng5+ Qe4 27.
Nxh7 Qe7 28. Nf6+ 1-0

[Event "7th C. Schlechter Memorial"]
[Site "Vienna, AUSTRIA"]
[Date "1996.11.03"]
[Round "9"]
[White "Havlicek, J."]
[Black "Schuh, F."]
[Result "0-1"]
[WhiteElo "2245"]
[BlackElo "2285"]
[PlyCount "62"]

1. e4 c5 2. Nf3 e6 3. d4 cxd4 4. Nxd4 Nf6 5. Nc3 a6 6. Bg5 Qa5 7. Bd2 Qe5 8.
Nf3 Qc7 9. Bd3 d6 10. O-O Be7 11. Qe2 Nc6 12. a3 O-O 13. h3 b5 14. Rad1 Bb7 15.
Bf4 Ne5 16. Nxe5 dxe5 17. Bg5 h6 18. Bh4 Rfd8 19. Kh1 g5 20. Bg3 Rd4 21. Bh2
Rad8 22. h4 Kg7 23. hxg5 hxg5 24. g4 Nh7 25. Kg1 Nf8 26. Qf3 Ng6 27. Ne2 {}
27... Bxe4 28. Bxe4 Rxd1 29. Bxg6 Rxf1+ 30. Kxf1 Kxg6 31. Qe4+ f5 0-1

[Event "7th C. Schlechter Memorial"]
[Site "Vienna, AUSTRIA"]
[Date "1996.11.03"]
[Round "9"]
[White "Hangweyrer, R."]
[Black "Todor, R."]
[Result "1-0"]
[WhiteElo "2205"]
[BlackElo "2120"]
[PlyCount "79"]

1. c4 c5 2. Nc3 Nc6 3. g3 Nf6 4. Bg2 g6 5. Nf3 Bg7 6. d4 cxd4 7. Nxd4 O-O 8.
O-O d6 9. Nxc6 bxc6 10. Bxc6 Rb8 11. Bg2 Qa5 12. Qc2 Bf5 13. e4 Be6 14. Nd5
Nxd5 15. exd5 Bf5 16. Be4 Bh3 17. Rd1 f5 18. Bf3 f4 19. g4 g5 20. Qe2 Be5 21.
Bd2 Qc7 22. Bc3 Bxc3 23. bxc3 Rf6 24. Rd4 Qd7 25. Re4 Re8 26. Re1 Kf8 27. c5
dxc5 28. Re5 h6 29. Re6 Kf7 30. Qd3 Kg7 31. Bd1 f3 32. Bxf3 h5 33. Qe3 hxg4 34.
Qxg5+ Kf7 35. Qh5+ Kf8 36. Rxf6+ exf6 37. Rxe8+ Qxe8 38. Qxe8+ Kxe8 39. Be2 Kd7
40. c4 1-0

[Event "7th C. Schlechter Memorial"]
[Site "Vienna, AUSTRIA"]
[Date "1996.11.03"]
[Round "9"]
[White "Weissel, G."]
[Black "Steinert, M."]
[Result "1/2-1/2"]
[WhiteElo "2095"]
[BlackElo "2120"]
[PlyCount "35"]

1. d4 Nf6 2. c4 g6 3. Nc3 d5 4. cxd5 Nxd5 5. e4 Nxc3 6. bxc3 c5 7. Nf3 Bg7 8.
Rb1 O-O 9. Be2 Nc6 10. d5 Ne5 11. Nxe5 Bxe5 12. Qd2 Qa5 13. Rb3 Bd7 14. f4 Bg7
15. Ra3 Qc7 16. c4 e5 17. dxe6 Bxe6 18. O-O 1/2-1/2

[Event "7th C. Schlechter Memorial"]
[Site ""Vienna, AUSTRIA""]
[Date ""1996.10.28""]
[Round "2"]
[White "Miniboeck, G."]
[Black "Popovic, P."]
[Result "0-1"]
[WhiteElo "2355"]
[BlackElo "2575"]
[PlyCount "171"]

1. d4 Nf6 2. c4 g6 3. Nc3 Bg7 4. e4 d6 5. Nf3 O-O 6. Be2 e5 7. dxe5 dxe5 8.
Qxd8 Rxd8 9. Bg5 Nbd7 10. O-O-O Rf8 11. Nd5 Nxe4 12. Be3 Ndc5 13. Nxc7 Rb8 14.
b4 Na4 15. Bxa7 Bf5 16. Bxb8 Rxb8 17. Nh4 Nac3 18. Rhe1 Nxd1 19. Bxd1 Rc8 20.
Nxf5 gxf5 21. Nd5 Rxc4+ 22. Kb1 Nd2+ 23. Kb2 e4+ 24. Ka3 Bf8 25. Bb3 Rd4 26.
Nf6+ Kg7 27. Nh5+ Kh6 28. Ng3 Bxb4+ 29. Kb2 Kg6 30. Rc1 Nxb3 31. Kxb3 Bd6 32.
Rc2 Rb4+ 33. Kc3 b5 34. Kd2 Rd4+ 35. Ke2 f4 36. Nf1 f5 37. Nd2 Kf6 38. Rc6 Ke7
39. Rb6 Ra4 40. Rxb5 Rxa2 41. Rxf5 Ke6 42. Rb5 f3+ 43. gxf3 Bf4 44. fxe4 Rxd2+
45. Kf3 Be5 46. Rb7 Bd4 47. Rxh7 Rxf2+ 48. Kg3 Rf8 49. Rb7 Be5+ 50. Kg2 Bd6 51.
Rb3 Rg8+ 52. Kf3 Rh8 53. Rb5 Rh3+ 54. Kf2 Rxh2+ 55. Ke3 Be5 56. Rb6+ Kd7 57.
Kd3 Rh1 58. Ra6 Rd1+ 59. Ke2 Rd4 60. Ke3 Rb4 61. Kd3 Bd6 62. Ke3 Kc7 63. Kf3
Rb3+ 64. Ke2 Kd7 65. Ra5 Ke6 66. Rd5 Rh3 67. Rf5 Bg3 68. Rf3 Rh2+ 69. Kd3 Bc7
70. Rf5 Rh3+ 71. Ke2 Bb6 72. Rf3 Rh2+ 73. Kd3 Ra2 74. Rf5 Ra3+ 75. Kc4 Re3 76.
Rf4 Ke5 77. Rg4 Bd8 78. Kc5 Rc3+ 79. Kb4 Rc1 80. Kb5 Bf6 81. Rg6 Be7 82. Rg7
Bd6 83. Rg4 Kd4 84. Rg6 Bf4 85. Rg4 Kxe4 86. Rh4 0-1

[Event "7th C. Schlechter Memorial"]
[Site ""Vienna, AUSTRIA""]
[Date ""1996.10.28""]
[Round "2"]
[White "Kummer, H."]
[Black "Lau, R."]
[Result "1/2-1/2"]
[WhiteElo "2300"]
[BlackElo "2510"]
[PlyCount "42"]

1. d4 Nf6 2. c4 c5 3. d5 e6 4. Nc3 exd5 5. cxd5 d6 6. e4 g6 7. Nf3 Bg7 8. Be2
a6 9. a4 Bg4 10. O-O O-O 11. Bf4 Bxf3 12. Bxf3 Qe7 13. Qb3 Qc7 14. Rad1 Nbd7
15. Rfe1 Ne8 16. h3 Rb8 17. Be2 Nef6 18. Bh2 Rfe8 19. Bf1 g5 20. Qc2 h6 21. Bc4
Ne5 {...} 1/2-1/2

[Event "7th C. Schlechter Memorial"]
[Site ""Vienna, AUSTRIA""]
[Date ""1996.10.28""]
[Round "2"]
[White "Neumeier, K."]
[Black "Blatny, P."]
[Result "0-1"]
[WhiteElo "2280"]
[BlackElo "2490"]
[PlyCount "58"]

1. e4 c6 2. d4 g6 3. Nc3 d5 4. e5 h5 5. f4 Nh6 6. Nf3 Bg4 7. Be3 Nf5 8. Bf2 e6
9. Be2 Qb6 10. Qd2 Qxb2 11. Rb1 Qa3 12. O-O Bxf3 13. Bxf3 b5 14. Rxb5 Bb4 15. Rxb4
Qxb4 16. Rb1 Qa5 17. Be1 Qc7 18. Na4 Nd7 19. Qc3 O-O 20. Nc5 Nxc5 21. Qxc5 Rfb8
22. Rxb8+ Rxb8 23. Be2 Rb1 24. Kf2 Qb6 25. Qxb6 axb6 26. Bc3 c5 27. dxc5 bxc5
28. a4 c4 29. a5 Rc1 0-1

[Event "7th C. Schlechter Memorial"]
[Site ""Vienna, AUSTRIA""]
[Date ""1996.10.28""]
[Round "2"]
[White "Rotshtein, A."]
[Black "Eisterer, H."]
[Result "0-1"]
[WhiteElo "2475"]
[BlackElo "2340"]
[PlyCount "80"]

1. Nf3 d5 2. c4 c6 3. b3 Nf6 4. Bb2 Bg4 5. Ne5 Bh5 6. d3 Nbd7 7. Nxd7 Qxd7 8.
Nd2 e6 9. g3 Bd6 10. Bg2 Qe7 11. a3 O-O 12. O-O a5 13. Nf3 e5 14. Qc2 Rfe8 15.
Nh4 Qe6 16. e4 Bg4 17. exd5 cxd5 18. Rfe1 Bh3 19. Bh1 dxc4 20. bxc4 Qd7 21. Nf3
Qf5 22. Qe2 Rad8 23. Qe3 Ng4 24. Qb6 h6 25. Re2 Qc8 26. Qxa5 Bc5 27. Qc3 Qf5
28. Rd1 Re6 29. Bg2 Bxg2 30. Kxg2 Bxf2 31. h3 Ne3+ 32. Rxe3 Bxe3 33. Qa5 Rxd3
34. Rf1 Qe4 35. Bxe5 Rd2+ 36. Kh1 b6 37. Qc3 Rd3 38. Qb2 Bc5 39. Kg2 Rxf3 40.
Rxf3 Qxe5 0-1

[Event "7th C. Schlechter Memorial"]
[Site ""Vienna, AUSTRIA""]
[Date ""1996.10.28""]
[Round "2"]
[White "Dueckstein, A."]
[Black "Balinov, I."]
[Result "1/2-1/2"]
[WhiteElo "2305"]
[BlackElo "2385"]
[PlyCount "163"]

1. e4 c5 2. Nf3 d6 3. d4 Nf6 4. Bb5+ Nbd7 5. Nc3 cxd4 6. Qxd4 e5 7. Qd3 h6 8.
a4 Be7 9. Be3 O-O 10. O-O Qc7 11. b4 Nb8 12. Bc4 Be6 13. Bd5 Nc6 14. Rab1 Rfc8
15. a5 Nd8 16. Rb3 Nxd5 17. exd5 Bg4 18. Nd2 Bh5 19. Rc1 Bg6 20. Qe2 Qd7 21.
Ndb1 f5 22. f3 Nf7 23. Na3 Ng5 24. Nab5 a6 25. Na7 Re8 26. b5 f4 27. Bf2 e4 28.
Nxe4 Nxe4 29. fxe4 Bg5 30. bxa6 f3 31. gxf3 bxa6 32. Rcb1 Rxa7 33. Bxa7 Qxa7+
34. Kh1 Bh5 35. Rb7 Qd4 36. Rb8 Rxb8 37. Rxb8+ Kh7 38. Rb6 Bf4 39. Rxa6 Qa1+
40. Kg2 Qf6 41. Rb6 Qe5 42. Kg1 Qa1+ 43. Kg2 Qxa5 44. Rb3 Be5 45. Qf2 Qc7 46.
Ra3 Bf4 47. Qe2 Qe7 48. c4 Be5 49. Qd2 Qh4 50. Kg1 Be8 51. Rb3 Bd7 52. Rd3 Bh3
53. f4 Qg4+ 54. Rg3 Bxf4 55. Rxg4 Bxd2 56. Rg3 Bc8 57. Rf3 Kg8 58. Ra3 Kf7 59.
c5 Bb4 60. Rf3+ Ke7 61. c6 g5 62. Kg2 g4 63. Rb3 Bc5 64. Rb1 Bd4 65. Rd1 Be5
66. Rd3 h5 67. Ra3 h4 68. Ra7+ Kd8 69. Ra4 h3+ 70. Kg1 Kc7 71. Ra3 Bd4+ 72. Kh1
Kb6 73. Rb3+ Kc7 74. Ra3 Bf2 75. Ra2 Bc5 76. Ra8 Bd4 77. Ra4 Bf2
78. Ra2 Bb6 79. Ra4 Bc5 80. Ra8 Kd8 81. Ra4 Kc7 82. Ra8 1/2-1/2

[Event "7th C. Schlechter Memorial"]
[Site ""Vienna, AUSTRIA""]
[Date ""1996.10.28""]
[Round "2"]
[White "Weinzettl, E."]
[Black "Groetz, H."]
[Result "1-0"]
[WhiteElo "2365"]
[BlackElo "2280"]
[PlyCount "57"]

1. e4 c5 2. Nf3 e6 3. Nc3 d6 4. d4 cxd4 5. Nxd4 Nf6 6. Be3 Be7 7. f3 a6 8. Qd2
Nc6 9. g4 O-O 10. O-O-O Nxd4 11. Bxd4 b5 12. g5 Nd7 13. Rg1 Bb7 14. Kb1 Rb8 15.
Qf2 b4 16. Ne2 e5 17. Be3 a5 18. Ng3 g6 19. h4 Qc7 20. h5 Rfe8 21. hxg6 fxg6
22. b3 Bf8 23. Bc4+ Kh8 24. Rh1 Re7 25. f4 exf4 26. Qxf4 Rg7 27. Bd4 Ne5 28. Bxe5
dxe5 29. Qf6 1-0

[Event "7th C. Schlechter Memorial"]
[Site ""Vienna, AUSTRIA""]
[Date ""1996.10.28""]
[Round "2"]
[White "Groszpeter, A."]
[Black "Meszaros, G."]
[Result "1-0"]
[WhiteElo "2545"]
[BlackElo "2300"]
[PlyCount "55"]

1. e4 e6 2. d4 d5 3. Nc3 Nf6 4. e5 Nfd7 5. f4 c5 6. Nf3 Nc6 7. Be3 Be7 8. dxc5
Nxc5 9. Be2 O-O 10. O-O f6 11. exf6 Rxf6 12. Qd2 b6 13. Nd4 Bb7 14. Nxc6 Bxc6
15. Bd4 Rf8 16. Bg4 Bd7 17. Qe2 Qc8 18. Nxd5 Bd6 19. Nc3 Rxf4 20. Rxf4 Bxf4 21.
Bf3 Bc6 22. Rf1 Bxf3 23. Qxf3 Bh6 24. Qf7+ Kh8 25. Nb5 a6 26. Nd6 Qd8 27. Bxc5
bxc5 28. Qxe6 1-0

[Event "7th C. Schlechter Memorial"]
[Site ""Vienna, AUSTRIA""]
[Date ""1996.10.28""]
[Round "2"]
[White "Kindermann, S."]
[Black "Dirr, U."]
[Result "0-1"]
[WhiteElo "2530"]
[BlackElo "2260"]
[PlyCount "73"]

1. c4 g6 2. g3 Bg7 3. Bg2 d6 4. Nc3 f5 5. d4 Nf6 6. Nf3 O-O 7. O-O Qe8 8. d5
Na6 9. Rb1 c6 10. dxc6 bxc6 11. b4 Bd7 12. a3 Nc7 13. Bb2 Ne6 14. e3 Nd8 15. b5
Rb8 16. a4 a6 17. Nd4 axb5 18. cxb5 cxb5 19. Ndxb5 Bc6 20. Nd5 Bxd5 21. Bxd5+
Nxd5 22. Qxd5+ Qf7 23. Qxf7+ Kxf7 24. Bxg7 Kxg7 25. Nc7 Rc8 26. Rfc1 Kf7 27.
Kg2 Ne6 28. Nxe6 Kxe6 29. Kf3 Rxc1 30. Rxc1 Ra8 31. Rc4 d5 32. Rh4 h5 33. Rb4
Ra6 34. h4 Kd6 35. Kf4 e5+ 36. Kf3 Kc5 37. Rb5+ {Time} 0-1

[Event "7th C. Schlechter Memorial"]
[Site ""Vienna, AUSTRIA""]
[Date ""1996.10.28""]
[Round "2"]
[White "Stanec, N."]
[Black "Schwab, R."]
[Result "1/2-1/2"]
[WhiteElo "2505"]
[BlackElo "2265"]
[PlyCount "66"]

1. d4 c5 2. d5 e6 3. Nc3 e5 4. e4 d6 5. f4 exf4 6. Bxf4 a6 7. Nf3 f6 8. a4 Ne7
9. Be2 Ng6 10. Bg3 Nd7 11. h4 Nge5 12. Nd2 Qb6 13. Rb1 Qb4 14. O-O Be7 15. Kh1
h5 16. Nf3 Ng4 17. Qd2 Nde5 18. Bxe5 fxe5 19. Ng5 Qd4 20. Bd3 c4 21. Nf3 Qe3
22. Qxe3 Nxe3 23. Rfe1 Nxg2 24. Kxg2 cxd3 25. cxd3 Bg4 26. Rh1 O-O 27. Nh2 Bd7
28. Rbf1 Rxf1 29. Nxf1 b5 30. axb5 axb5 31. Ne3 b4 32. Ncd1 Bb5 33. Nc4 Rf8
1/2-1/2

[Event "7th C. Schlechter Memorial"]
[Site ""Vienna, AUSTRIA""]
[Date ""1996.10.28""]
[Round "2"]
[White "Schroll, G."]
[Black "Zetthofer, G."]
[Result "1/2-1/2"]
[WhiteElo "2380"]
[BlackElo "2215"]
[PlyCount "108"]

1. d4 d5 2. c4 e6 3. Nf3 Nf6 4. Nc3 c6 5. e3 Bd6 6. Bd3 O-O 7. O-O Nbd7 8. e4
dxe4 9. Nxe4 Nxe4 10. Bxe4 Nf6 11. Bc2 b6 12. Bg5 h6 13. Bh4 g5 14. Bg3 Bxg3
15. fxg3 c5 16. Ne5 Kg7 17. Nc6 Qd6 18. Qf3 Nd7 19. d5 exd5 20. Qd3 f5 21. Rxf5
Rxf5 22. Qxf5 Nf8 23. Qxd5 Qxd5 24. cxd5 Bd7 25. Re1 Bxc6 26. dxc6 Kf6 27. Rd1
Ke7 28. Re1+ Kd6 29. Rf1 Rd8 30. Rf6+ Kc7 31. Be4 Re8 32. Bf3 Ne6 33. Rf7+ Kd6
34. Rd7+ Ke5 35. c7 Rc8 36. Bg4 h5 37. Bxe6 Kxe6 38. Rh7 b5 39. Kf2 g4 40. Ke3
Kd6 41. Ke4 Rxc7 42. Rh6+ Ke7 43. Rxh5 Kf6 44. Kf4 b4 45. Rf5+ Ke6 46. Kxg4 c4
47. Kf4 c3 48. Re5+ Kd6 49. bxc3 bxc3 50. Re1 Rf7+ 51. Ke3 Re7+ 52. Kf2 Rf7+ 53. Ke2 Re7+ 54. Kf1 Rf7+ 1/2-1/2

[Event "7th C. Schlechter Memorial"]
[Site ""Vienna, AUSTRIA""]
[Date ""1996.10.28""]
[Round "2"]
[White "Kuthan, A."]
[Black "Wittmann, W."]
[Result "0-1"]
[WhiteElo "2225"]
[BlackElo "2370"]
[PlyCount "84"]

1. e4 c5 2. Nf3 d6 3. Bb5+ Nd7 4. d4 Ngf6 5. Nc3 a6 6. Bxd7+ Nxd7 7. dxc5 Nxc5
8. Be3 Bg4 9. O-O e6 10. h3 Bh5 11. g4 Bg6 12. Bxc5 dxc5 13. Qxd8+ Rxd8 14. Ne5
Bd6 15. Nxg6 hxg6 16. Kg2 Be5 17. Rad1 Bxc3 18. bxc3 Ke7 19. Rd3 Rxd3 20. cxd3
Rd8 21. Rd1 Rd6 22. Kf3 Rb6 23. Rd2 Rb1 24. Rc2 Kd6 25. d4 c4 26. Ke2 Kc6 27.
Kd2 Rh1 28. Rb2 b5 29. a4 Rxh3 30. axb5+ axb5 31. Rc2 f5 32. gxf5 gxf5 33. exf5
exf5 34. Rc1 g5 35. Re1 Rd3+ 36. Kc2 Rf3 37. Re2 g4 38. Re6+ Kd7 39. Re2 f4 40.
Kd2 Kd6 41. Kc2 g3 42. fxg3 fxg3 0-1